|
|
|
|
| LEADER |
00000nam0a2200000 4500 |
| 001 |
87907 |
| 005 |
20231031102441.0 |
| 010 |
|
|
|a 5811406452
|
| 035 |
|
|
|a (RuTPU)RU\TPU\book\94384
|
| 090 |
|
|
|a 87907
|
| 100 |
|
|
|a 20051219d2005 m y0rusy50 ca
|
| 101 |
0 |
|
|a rus
|
| 102 |
|
|
|a RU
|
| 105 |
|
|
|a a j 000zy
|
| 200 |
1 |
|
|a Электричество и магнетизм. Берклеевский курс физики
|e учебное пособие
|f Э. Парселл
|
| 210 |
|
|
|a СПб.
|c Лань
|d 2005
|
| 215 |
|
|
|a 416 с.
|c ил.
|
| 225 |
1 |
|
|a Классическая учебная литература по физике
|
| 225 |
1 |
|
|a Учебники для вузов. Специальная литература
|
| 330 |
|
|
|a Второй том Берклеевского курса физики написан лауреатом Нобелевской премии, профессором Э. Парселлом, известным своими работами по ядерному магнитному резонансу и открытием линии 21 см в излучении межзвездного водорода. Книга содержит систематическое изложение явлений электромагнетизма с точки зрения специальной теории относительности. Особое внимание уделяется рассмотрению физических концепций. Каждая глава включает в себя не только теоретические материалы, но также большое количество задач и примеров различной степени сложности. Учебник в первую очередь адресован студентам физических, физико-технических и инженерно-физических специальностей университетов, аспирантам и преподавателям вузов. Может быть также рекомендован будущим химикам и биологам.
|
| 610 |
1 |
|
|a электричество
|
| 610 |
1 |
|
|a магнетизм
|
| 610 |
1 |
|
|a электростатика
|
| 610 |
1 |
|
|a электрический потенциал
|
| 610 |
1 |
|
|a электрические поля
|
| 610 |
1 |
|
|a проводники
|
| 610 |
1 |
|
|a электрические токи
|
| 610 |
1 |
|
|a движущиеся заряды
|
| 610 |
1 |
|
|a поля движущихся зарядов
|
| 610 |
1 |
|
|a магнитное поле
|
| 610 |
1 |
|
|a электромагнитная индукция
|
| 610 |
1 |
|
|a уравнения Максвелла
|
| 610 |
1 |
|
|a переменный ток
|
| 610 |
1 |
|
|a цепи переменного тока
|
| 610 |
1 |
|
|a учебники
|
| 675 |
|
|
|a 537.3(075.8)
|v 3
|
| 675 |
|
|
|a 537.6(075.8)
|v 3
|
| 700 |
|
1 |
|a Парселл
|b Э.
|
| 801 |
|
1 |
|a RU
|b 63413507
|c 20051219
|g PSBO
|
| 801 |
|
2 |
|a RU
|b 63413507
|c 20150520
|g PSBO
|
| 900 |
|
|
|a Физика
|
| 942 |
|
|
|c BK
|
| 952 |
|
|
|b 010000
|
| 959 |
|
|
|a 111/20051219
|d 1
|e 356,5
|f НФ:1
|
| 959 |
|
|
|a 118/20051223
|d 1
|e 232,1
|f НФ:1
|